Quiz o Leżajsku - Statystyki

Ogólne statystyki
  • Ten quiz został rozwiązany 20 razy
    19 od ostatniego zresetowania
  • Średni wynik to 6 z 15
Statystyki odpowiedzi
Pytanie Odpowiedź % Poprawnych
Jaką nazwę nosi największy zakład przemysłowy działający w Leżajsku? Browar Leżajsk
76%
Słynny instrument muzyczny w bazylice leżajskiej Organy
76%
W którym wieku miasto otrzymało prawa miejskie? XIV
76%
Jak nazywa się lokalny klub sportowy? Pogoń Leżajsk
65%
Z którego wieku pochodzi ten instrument? XVII
59%
Czyje imię nosi najstarsze Liceum Ogólnokształcące w Leżajsku? Bolesław Chrobry
53%
Kto jest burmistrzem Leżajska? Ireneusz Stefański
47%
Jak nazywa się lokalna rzeka dopływająca do Sanu w okolicach Leżajska? Trzebośnica
29%
Jak nazywa się lokalny portal informacyjny? Leżajsk24
24%
Czyje imię nosi leżajska szkoła muzyczna? Ignacy Paderewski
18%
Nazwa lokalnego Zespołu Pieśni i Tańca Leliwa
18%
Jakie pasmo wzniesień rozciąga się w pobliżu Leżajska? Pogórze {Dynowskie}
18%
Który król Polski nadał Leżajskowi prawa miejskie? Zygmunt I Stary
12%
Jak nazywa się patron miejskiej biblioteki w Leżajsku? Stanisław Rymara
6%
Nazwisko architekta tego instrumentu? Stanisław Studziński
6%
Nie znaleziono quizów pasujących do podanych kryteriów
Rozkład punktacji
Procent ludzi z każdym wynikiem
Percentyl według liczby udzielonych odpowiedzi
Twoja historia wyników
Nie rozwiązałeś tego quizu od ostatniego zresetowania